Οικολογία-περιβάλλον : βιβλιογραφία

Αποθηκεύτηκε σε:
Λεπτομέρειες βιβλιογραφικής εγγραφής
Συλλογικό Έργο: Τεχνικό Επιμελητήριο Ελλάδας Μονάδα Τεκμηρίωσης και Πληροφόρησης, Ευώνυμος Οικογική Βιβλιοθήκη
Μορφή: Βιβλίο
Γλώσσα:Greek
Δημοσίευση: Αθήνα : HELECO '99, 1999
Θέματα:
Ετικέτες: Προσθήκη ετικέτας
Δεν υπάρχουν, Καταχωρήστε ετικέτα πρώτοι!

MARC

LEADER 00000nam a2200000 i 4500
001 1/18276
008 010312s1999 gre d
020 |a 960-7018-75-3 
035 |l 10066435 
040 |a GR-MY-UA  |b gre  |e aacr 
041 0 |a gre 
082 0 |a 016.3637 
110 2 |a Τεχνικό Επιμελητήριο Ελλάδας  |b Μονάδα Τεκμηρίωσης και Πληροφόρησης. 
245 1 0 |a Οικολογία-περιβάλλον :  |b βιβλιογραφία /  |c Τεχνικό Επιμελητήριο ελλάδας, Μονάδα Τεκμηρίωσης και Πληροφόρησης ; Ευώνυμος Οικολογική Βιβλιοθήκη 
260 |a Αθήνα :   |b HELECO '99,   |c 1999 
300 |a 1007 σ. 
650 0 0 |a Ecology  |x Bibliography. 
650 0 0 |a Environmental protection  |x Bibliography. 
710 2 |a Ευώνυμος Οικογική Βιβλιοθήκη. 
852 |a INST  |b LESVOS  |e 20010312  |h 016.3637 ΤΕΧ  |p 005100027261  |q 005100027261  |t REF  |y 23 
901 |a BIBL1-2001-1 
909 |a Λ  |b 086929 
920 |a ΤΕΧΝΙΚΟ ΕΠΙΜΕΛΗΤΗΡΙΟ ΕΛΛΑΔΟΣ (ΤΕΕ)  |y ΛΕΣΒΟΣ  |z 2001-03 
970 |a ΤΖΑΦΕΡΗ  |b ΕΥΑΓΓΕΛΙΑ  |z 2001/03/12